| Поле | Инд. | ПП | Название | Значение |
|---|---|---|---|---|
| Тип записи | a | |||
| Библиографический уровень | m | |||
| 001 | Контрольный номер | db1b48236d9f4867bf53b24844e71ae2 | ||
| 005 | Дата корректировки | 20260409133531.2 | ||
| 020 | a | ISBN | 978-5-534-09530-2 | |
| 041 | 0_ | a | Код языка текста | rus |
| 044 | a | Код страны публикации | RU | |
| 080 | a | Индекс УДК | 373.167.1:57 | |
| 097 | b | Оператор | *Ви* | |
| 100 | 1_ | a | Автор | Смирнова М.С. |
| 245 | 10 | a | Заглавие | Естествознание: география, биология, экология |
| b | Продолж. заглавия | учебник для СПО | ||
| b | Продолж. заглавия | в составе учебно-методического комплекса | ||
| 250 | a | Основные сведения об издании | 2-е изд., перераб. и доп. | |
| 260 | a | Место издания | Москва | |
| b | Издательство | Юрайт | ||
| c | Дата издания | 2026 | ||
| 300 | a | Объем | 274 с. | |
| 440 | _0 | a | Серия | Профессиональное образование |
| 440 | _0 | a | Серия | УМК-У |
| 516 | 8_ | a | Прим. о типе комп. файла/ данных | Текст : электронный |
| 516 | 8_ | a | Прим. о типе комп. файла/ данных | Режим доступа: по подписке |
| 516 | 8_ | a | Прим. о типе комп. файла/ данных | Дата обращения: 01.04.2026 |
| 520 | 0_ | a | Аннотация | В предлагаемом курсе представлен широкий круг тем, включающий знания из областей географии, биологии и экологии. Рассмотрены вопросы землеведения, географических закономерностей и причинно-следственных связей между компонентами природы, основы ботаники и зоологии, взаимосвязи между живой и неживой природой и человеком. Соответствует актуальным требованиям федерального государственного образовательного стандарта среднего профессионального образования и профессиональным требованиям. Курс адресован студентам образовательных учреждений среднего профессионального образования, обучающимся по педагогическим направлениям. |
| 535 | 1_ | a | Хранилище | Образовательная платформа Юрайт |
| 583 | a | Действие | Приписка : УМК | |
| 653 | 0_ | a | Ключевые слова | Естествознание |
| a | Ключевые слова | Биология | ||
| a | Ключевые слова | География | ||
| a | Ключевые слова | Экология | ||
| a | Ключевые слова | СПО | ||
| 700 | 12 | a | Другие авторы | Смирнова Т.М. |
| 700 | 12 | a | Другие авторы | Вороненко М.В. |
| 773 | 18 | w | Контрольный № источника | 0acd1402707941ea8d2ecf293a54931a |
| 856 | 40 | u | URL | https://urait.ru/bcode/585769 |
| 901 | t | Тип документа | m | |
| 905 | b | Дата создания записи обработка | 08.04.26 | |
| c | Дата приписки | 09.04.26 | ||
| 952 | b | Гриф литературы для ВШ | Гриф УМО СПО |